000 01259nam0a2200313 4500
001 RU\NLR\bibl\882276
005 20260405085740.0
010 _a5-901702-06-9
_9700
021 _aRU
_b2005-68184
_93362
035 _a(NLR Aleph) 000870836
090 _a1598431
_c1598431
100 _a20051202d2005 |||y0rusy50 ca
101 0 _arus
102 _aRU
105 _aach |||||||||
200 1 _aМое село - одно на всю Россию
_eистория села Шереметьевки Нижнекамского района
_fР. Михайлова
210 _a[Б.м.
_cб.и.]
_d2005
215 _a176 с.
_cил., портр., факс.
_d30
300 _aНа с. 4 авт.: Раиса Александровна Михайлова (Потапова)
320 _aБиблиогр.: с. 176 (34 назв.)
607 _aШереметьевка, село (Татария)
_xИстория
_92404915
_3RU\NLR\auth\661433290
686 _aТ3(2Р-6Т)
700 1 _4070
_8rus
_7ca
_aМихайлова
_bР. А.
_cкраевед
_f1940-
_gРаиса Александровна
_3RU\NLR\auth\7731634
_914644
801 0 _aRU
_bNLR
_c20051202
_grcr
801 1 _aRU
_bNLR
_c20051202
942 _cBOOK
980 _aNB